000 00928nam0a22002771 4500
001 RU\NLR\INFOCOMM\LIB1\19960
005 20250617210340.0
035 _a(NLR Aleph) 004341727
090 _a3128589
_c3128589
100 _a20011127d1985 |||y0rusy50 ca
101 1 _afin
_crus
102 _aRU
105 _ay ||||000ay
200 1 _aMaailman kommunistinen liike
_ftoim. V. Zagladin,tekijät V.P.Ierusalimski,V.V.Zagladin,V.V.Aleksandrov et. al.
210 _aМ.
_cProgress
_d1985
215 _a517с.
_d21 см
300 _aНа обороте тит. л.: Мировое коммунистическое движение.
702 1 _aZagladin
_bV.
_gValentin
_4340
702 1 _aIerusalimskij
_bV.P.
_gVadim Pavlovič
_4340
702 1 _aAleksandrov
_bV.V.
_4340
801 1 _aRU
_bInfoComm
_c20011127
801 0 _aRU
_bNLR
_gPSBO
_c19861009
852 _aNLR
_bН
_jФин/3-5747
942 _cBOOK
980 _aNB